| 000 | 02096nam a2200589 i 4500 | ||
|---|---|---|---|
| 001 | 52321 | ||
| 003 | KOSZ 005 | ||
| 005 | 20220113120831.0 | ||
| 008 | 050513s2005 pl a f f |000 0 pol | ||
| 015 | _aUWD 2005/9562 | ||
| 020 | _a8320430003 | ||
| 020 | _a832043002X | ||
| 035 | _a991026966139705066 | ||
| 035 | _a(PL-WaBN)b17319912-48omnis_nlop | ||
| 035 | _ab17319912 | ||
| 035 | _a(OCoLC)830655287 | ||
| 035 | _a(PL)b0000001731991 | ||
| 035 | _a(EXLNZ-48OMNIS_NETWORK)9910420310705606 | ||
| 040 |
_aWA N _cWA N _dKOSZ 005/HR |
||
| 041 | 0 | _apol | |
| 046 | _k2005 | ||
| 080 | _a621.01 | ||
| 080 | _a539.3/.4 | ||
| 080 | _a(075.8) | ||
| 245 | 0 | 0 |
_aPrzykłady obliczeń z podstaw konstrukcji maszyn. _n[T. 2], _pŁożyska, sprzęgła i hamulce, przekładnie mechaniczne / _cpod red. Eugeniusza Mazanka ; aut. Andrzej Dziurski [et al.]. |
| 246 | 3 | 0 | _aŁożyska, sprzęgła i hamulce, przekładnie mechaniczne |
| 260 |
_aWarszawa : _bWydawnictwa Naukowo-Techniczne, _c2005. |
||
| 300 |
_a435, [1] s. : _brys., wykr. ; _c24 cm. |
||
| 336 |
_aTekst _btxt _2rdacontent |
||
| 337 |
_aBez urządzenia pośredniczącego _bn _2rdamedia |
||
| 338 |
_aWolumin _bnc _2rdacarrier |
||
| 380 | _aKsiążki | ||
| 380 | _aPublikacje dydaktyczne | ||
| 385 |
_mPoziom nauczania _aSzkoły wyższe |
||
| 388 | _a2001- | ||
| 504 | _aBibliogr. przy rozdz. | ||
| 650 | 7 |
_aNaprężenia i odkształcenia _2DBN |
|
| 650 | 7 |
_aWytrzymałość materiałów _2DBN |
|
| 650 | 7 | _aŁożyska | |
| 650 | 7 | _aSprzęgła | |
| 650 | 7 | _aHamulce | |
| 650 | 7 | _aPrzekładnie | |
| 650 | 7 |
_a Konstrukcja maszyn i urządzeń _2DBN |
|
| 655 | 7 |
_aPodręczniki akademickie _2DBN |
|
| 658 | _aInżynieria i technika | ||
| 700 | 1 |
_aDziurski, Andrzej _eAutor |
|
| 700 | 1 |
_aMazanek, Eugeniusz _d(1939- ) _eAutor _eRedakcja |
|
| 710 | 2 |
_aWydawnictwa Naukowo-Techniczne _4pbl |
|
| 856 |
_uhttp://koha.tu.koszalin.pl/cgi-bin/koha/opac-detail.pl?biblionumber=52321 _yKatalog online BPK |
||
| 942 |
_2UKD _cKS |
||
| 999 |
_c52321 _d52321 |
||